000 00605nam a2200241Ia 4500
003 OSt
005 20221007071713.0
006 a|||||r|||| 00| 0
007 ta
008 221006b |||||||| |||| 00| 0 eng d
024 _a25,770
037 _cTextual
040 _aFLL
_cFLL
_beng
041 _2eng
_aeng
082 _aX7, H3
100 _aDalton Hugh
245 0 _aPrinciples of public finance
250 _a12th
260 _aLondon
_bGeorge Routledge & Sons, Ltd. UK
_c1943
300 _axv,323p
_ccm.
942 _hX7, H3
_cTEXL
_2CC
999 _c1144030
_d1144030